Psicoanálisis y conciencia moral / (Record no. 123188)

MARC details
000 -LEADER
campo de control de longitud fija 01208nam a2200289 4500
001 - NÚMERO DE CONTROL
campo de control 123188
003 - IDENTIFICADOR DE NÚMERO DE CONTROL
campo de control ES-MaACL
005 - FECHA Y HORA DE LA ÚLTIMA TRANSACCIÓN
campo de control 20250728110405.0
007 - CAMPO FIJO DE DESCRIPCIÓN FÍSICA--INFORMACIÓN GENERAL
campo de control de longitud fija t|
008 - DATOS DE LONGITUD FIJA--INFORMACIÓN GENERAL
campo de control de longitud fija 070214s1949 sp r ||||0| spa d
245 00 - MENCIÓN DEL TÍTULO
Título Psicoanálisis y conciencia moral /
Mención de responsabilidad, etc. traducido del original francés por A. de Miguel.
260 ## - PUBLICACIÓN, DISTRIBUCIÓN, ETC.
Lugar de publicación, distribución, etc. Madrid :
Nombre del editor, distribuidor, etc. Studium de Cultura,
Fecha de publicación, distribución, etc. 1949.
300 ## - DESCRIPCIÓN FÍSICA
Extensión 105 p ;
Dimensiones 19 cm.
490 1# - MENCIÓN DE SERIE
Mención de serie Problemas de hoy ;
Designación de volumen o secuencia 1
505 8# - NOTA DE CONTENIDO CON FORMATO
Nota de contenido con formato Contiene: Descripción de la conciencia moral e incidencias psiquiátricas / R.P. Tesson . Psicoanálisis y moral / Ch.H. Nodet . Psicoanálisis y conciencia moral / F. Pasche . Psicoanálisis y simbolismo religioso / R.P. Louis Beirnaert . Psicoterapia y valores existenciales / Dr. Igor Caruso
650 #7 - PUNTO DE ACCESO ADICIONAL DE MATERIA--TÉRMINO DE MATERIA
Término de materia o nombre geográfico como elemento de entrada Psicoanálisis y religión
Fuente del encabezamiento o término embne
9 (RLIN) 16536
650 #4 - PUNTO DE ACCESO ADICIONAL DE MATERIA--TÉRMINO DE MATERIA
Término de materia o nombre geográfico como elemento de entrada Psicoanálisis-
Subdivisión general Aspectos morales.
9 (RLIN) 142295
700 1# - ENTRADA AGREGADA--NOMBRE PERSONAL
Nombre de persona Miguel, Amando de.
9 (RLIN) 81000
700 1# - ENTRADA AGREGADA--NOMBRE PERSONAL
Nombre de persona Tesson, Eugène.
9 (RLIN) 173172
700 1# - ENTRADA AGREGADA--NOMBRE PERSONAL
Nombre de persona Nodet, Ch. H.
9 (RLIN) 85817
700 1# - ENTRADA AGREGADA--NOMBRE PERSONAL
Nombre de persona Pasche, F.
9 (RLIN) 89322
700 1# - ENTRADA AGREGADA--NOMBRE PERSONAL
Nombre de persona Beirnaert, Louis.
9 (RLIN) 27080
700 1# - ENTRADA AGREGADA--NOMBRE PERSONAL
Nombre de persona Caruso, Igor A.
9 (RLIN) 35921
830 1# - PUNTO DE ACCESO ADICIONAL DE SERIE-TÍTULO UNIFORME
Título uniforme Problemas de hoy ;
Designación de volumen o secuencia 1
9 (RLIN) 186582
852 ## - LOCALIZACIÓN
Ubicación ES-MaACL
Número de control de estantería D-5270
Holdings
Estatus retirado Estado de pérdida Estado de daño No para préstamo Biblioteca de origen Biblioteca actual Ubicación en estantería Fecha de adquisición Fuente de adquisición Total de préstamos Signatura topográfica completa Código de barras Visto por última vez Precio de reemplazo Tipo de ítem Koha
        Biblioteca del Ateneo de Madrid Biblioteca del Ateneo de Madrid Sala Valle Inclán 17/01/2008     D-5270 901128360 23/02/2023 23/02/2023 Libro impreso